La función de enseñar en el derecho de la Iglesia /

Bibliographic Details
Main Author: Fuentes Alonso, José Antonio (Author)
Format: Electronic eBook
Language:Spanish
Published: Pamplona, España : EUNSA, Ediciones Universidad de Navarra, [2017]
Series:Manuales del Instituto Martín de Azpilcueta.
Subjects:
Online Access:Digitalia Hispánica

MARC

LEADER 00000nam a2200000Ii 4500
001 DIGEDUNAV0310
003 NyNyDIG
006 m o d
007 cr |||||||||||
008 220608s2017 sp ob 001 0 spa d
035 |a (OCoLC)1333701444 
040 |a DGITA  |b eng  |e rda  |e pn  |c DGITA 
020 |z 9788431332099 
050 1 4 |a KBU3040 ebook 
100 1 |a Fuentes Alonso, José Antonio,  |e author. 
245 1 3 |a La función de enseñar en el derecho de la Iglesia /  |c José A. Fuentes. 
264 1 |a Pamplona, España :  |b EUNSA, Ediciones Universidad de Navarra,  |c [2017] 
300 |a 1 online resource. 
336 |a text  |b txt  |2 rdacontent 
337 |a computer  |b c  |2 rdamedia 
338 |a online resource  |b cr  |2 rdacarrier 
347 |a text file  |2 rdaft 
347 |b PDF 
490 1 |a Manuales del Instituto Martín de Azpilcueta 
504 |a Includes bibliographical references and index. 
588 0 |a Online resource; title from PDF title page (Digitalia, viewed June 8, 2022) 
610 2 0 |a Catholic Church  |x Education. 
650 0 |a Christian education (Canon law) 
650 0 |a Evangelistic work  |x Catholic Church. 
650 0 |a Ecumenical movement. 
655 0 |a Electronic books. 
791 2 |a Digitalia (Firm),  |e distributor. 
793 0 |g Digitalia eBook Collection:  |a Ediciones Universidad de Navarra 
776 0 8 |i Print version:  |a Fuentes Alonso, José Antonio.  |t Función de enseñar en el derecho de la Iglesia.  |b Primera edición.  |d Pamplona, España : EUNSA, Ediciones Universidad de Navarra, [2017]  |z 9788431332099 
830 0 |a Manuales del Instituto Martín de Azpilcueta. 
856 4 0 |3 Digitalia Hispánica  |u https://www.digitaliapublishing.com/a/51698/ 
910 |a Premium collection: 2022